| 000 | 00562nam a2200193 a 4500 | ||
|---|---|---|---|
| 005 | 20240614063658.0 | ||
| 008 | 991125s1968 ea 000 0 eng u | ||
| 020 | _a034007762X | ||
| 035 | _aUPN01000004945 | ||
| 049 | _aCG | ||
| 050 | 4 |
_aPE1119 _bM4.2 |
|
| 100 | 1 | _aMelrose, Georgiana | |
| 245 | 1 | 0 |
_aAtom village : _band other pieces for easy reading / _cGeorgina Melrose. |
| 260 |
_aLondon : _bUniversity of London, _c1968. |
||
| 300 | _a64 p. | ||
| 440 | 0 |
_aPresent day english reader ; _vC-3 |
|
| 650 | 4 |
_aInglés _xEstudio y enseñanza _918 |
|
| 905 | _aLibro | ||
| 999 |
_c4945 _d4945 |
||